000 02133nkm0a2200397 4500
001 RU\NLR\bibl\2085948
005 20250806204015.0
020 _aRU
_9ЛЕНИНГРАД В ВЕЛИКОЙ ОТЕЧЕСТВЕННОЙ ВОЙНЕ : Печать Ленинграда, 1941 - 1945 : листовки, плакаты, открытки, альбомы: карточный каталог изданий, хранящихся в фондах Гос. Публ. б-ки. - Ленинград, 1972
035 _a(NLR Aleph) 010197618
090 _a75699
_c75699
100 _a20131126d1944 u y0rusy50 ca
101 0 _arus
102 _aRU
105 _ay z |||||
200 1 _aСмерть финским лахтарям!
_fФлит А.
_gрис. Лео
210 _a[Ленинград
_d1944]
215 _a1 л.
_d21х11
325 _aКопия доступна в Электрон. б-ке РНБ http://vivaldi.nlr.ru/ll000074843/view
337 _aЭлектронная копия доступна в Электронной библиотеке РНБ
606 1 _aБлокада Ленинграда
_z1941 - 1944
_jЛистовки
_2nlr_sh1
_2nlr_sh2
_3RU\NLR\AUTH\661253360
686 _aТ3(2)722.721,011
700 1 _aФлит
_bА. М.
_f1892-1954
_gАлександр Матвеевич
_3RU\NLR\auth\77127120
_4070
702 1 _aЛео
_bА. Н.
_cхудожник
_3RU\NLR\auth\7797164
_4070
801 0 _aRU
_bNLR
_c19720101
_gPSBO
801 1 _aRU
_bNLR
_c20131126
_gRCR
852 _aNLR
_bЛ3-330л
_j13/2-26
856 0 _uhttp://vivaldi.nlr.ru/ll000074843/view
856 1 _uhttp://vivaldi.nlr.ru/ll000074843/cover
856 2 _uhttp://vivaldi.nlr.ru/ll000074843/text
942 _cVISUAL
945 _aРоссийская национальная библиотека
980 _aBV
981 2 1 _a(21) Листовки
_b(21) Листовки блокадного Ленинграда
981 3 7 _a(37) Ленинград в Великой Отечественной войне
_b(37) Листовки блокадного Ленинграда